000 00829nam a22002417a 4500
003 UA-OsUOA
001 108975
007 ta
008 20141124b un ||||| |||| 00| 0 ukr d
090 _a94(477)"1932/1933"
_bП15
942 _cBK
040 _aUA-OsUOA
_bukr
_cUA-OsUOA
_dUA-OsUOA
245 _aПам'ять народу: геноцид в Україні голодом 1932 - 1933 років. Свідчення
_bу 2- кн.
_cупор. О. Веселова, О. Нікілєв; відп. ред. В. Смолій
300 _a936 с.
955 _a1
041 _aukr
080 _a94(477)"1932/1933"
020 _a978-966-8879-70-8
260 _aК.
_bКалита
_c2009
246 3 1 _aкн. 1
_n
650 7 _a9 Географія. Біографії. Історія
_2UDC
999 _c396475
_d396475